000
00334nam a2200133Ia 4500
008
240624s9999 xx 000 0 und d
041
_a
eng
082
_a
658.827 JOH
100
_a
JOHANSSON JOHNY K
245
_a
CONTEMPORARY BRAND MANAGEMENT
260
_c
2015
_a
London
_b
Sage
300
_a
xi, : 258 : p. : cm. ; 22
365
_c
_b
38
999
_c
27547
_d
27547